1368 1691 1638 1320 1428 1631 1438 1078 1109 1889 1161 1368 1031 1859 1809 1256 1888 1505 1310 1612 1958 1716 1113 1192 1231 1262 1058 1791 1274 1589 1681 1259 1792 1094 1590 1841 1950 1943 1351 1285 1217 1975 1178 1365 1414 1536 1799 1664 1560 1693 1465 1697 1090 1477 1775 1023 1309 1268 1762 1941 1587 1271 1272 1977 1693 1982 1203 1573 1317 1735 1811 1084 1756 1608 1986 1694 1025 1958 1900 1130 1604 1751 1790 1100 1373 1199 1594 1303 1637 1867 1459 1194 1524 1783 1086 1016 1024 1497 1090 BCNSPRNW ULIB Ver.6.0+V

เปลี่ยนเป็นภาษาไทย

Change to English
 แสดงรายละเอียดบรรณานุกรม
  กลับหน้าหลัก

Brief Record : Get Marc (ISO 2709) : E-mail record : QR code < ปิดหน้าต่าง
LEADER : 00000nam 2200000uu 4500
001    13399129214
003     ULIB
008    260511s2026||||th 000 0 tha d
020    ^a9781975239169
060  4 ^aWY160^bV652P
100 1  ^aVidebeck, Sheila l.
245 1  ^aPsychiatric mental health nursing /^cSheila L. Videbeck.
250    ^a10th ed.
260    ^aPhiladelphia :^bWolters kluwer,^c2026.
300    ^axi, 526 p. :^bill. ;^c28 cm.
505 0  ^aUnit 1. Current theories and practice. 1, Foundation of psychiatric-mental health nursing. 2, Neurobiologic theories and psychopharmacology. 3, Psychosocial theories and therapy. 4, Treatment settings and therapeutic programs -- Unit 2. Building the nurse-client relationship. 5, Therapeutic relationships. 6, Therapeutic communication. 7, Client s response to illness. 8, Assessment -- Unit 3. Current social and emotional concerns. 9, Legal and ethical issues. 10, Grief and loss. 11, Anger, hostility, and aggression. 12, Abuse and violence -- Unit 4. Nursing practice for psychiatric disorder. 13, Trauma and stressor-related disorders. 14, Anxiety and anxiety disorders. 15, Obsessive-compulsive and related disorders. 16, Schizophrenia. 17, Mood disorders and suicide. 18, Personality disorders. 19, Addiction. 20, Eating disorders. 21, Somatic symptom illnesses. 22, Neurodevelopmental disorders. 23, Disruptive behavior disorders. 24, Cognitive disorders.
650  0 ^aMental Disorders^xNursing
650  0 ^aPsychiatric nursing.
650  0 ^aPsychiatric nursing.^xTextbooks
650  0 ^aPsychiatric nursing^xMethods
650  2 ^aNurse-patient relations
650  4 ^aMental health
999    ^aประนอม เกษจรัล
รายการนี้ยังไม่มีแท็ก
คุณยังไม่ได้ล็อกอิน คุณสามารถมีกิจกรรมร่วมกับเว็บไซต์ได้ แต่ต้องล็อกอินก่อน ::
  ล็อกอิน

รายการสื่อสารสนเทศ

ลำดับที่ ประเภท เลขเรียก/บาร์โค้ด สถานที่ สถานะ
1. Book การพยาบาล
หนังสือสำรอง
สถานะ=หนังสือสำรอง
WY160 V652P ฉ.1 
  Barcode: 012200
ห้องสมุดวิทยาเขตสวรรค์ประชารักษ์
►หนังสือทั่วไป
บนชั้น
*เพิ่งรับคืน

รายการใกล้เคียง
    ผู้แต่ง [Videbeck, Sheila l.]

    หัวเรื่อง [Mental Disorders Nursing]
    หัวเรื่อง [Psychiatric nursing.]
    หัวเรื่อง [Nurse-patient relations]
    หัวเรื่อง [Mental health]

BibComment


ยังไม่เคยถูกคอมเมนท์

คอมเมนท์ทรัพยากรรายการนี้
  คอมเมนท์: Psychiatric ment..


 Copyright 2026. Bcnsprnw @Library